Catálogo
 En Linea

Aquella violencia de Dios : (Registro nro. 44516)

Detalles MARC
000 -CABECERA
campo de control de longitud fija 00794nam a2200181 a 4500
001 - NÚMERO DE CONTROL
campo de control 000045027
005 - FECHA Y HORA DE LA ÚLTIMA TRANSACCIÓN
campo de control 20201002045821.0
008 - DATOS DE LONGITUD FIJA--INFORMACIÓN GENERAL
campo de control de longitud fija 150129s1994 dr 000 0 spa d
020 ## - NÚMERO INTERNACIONAL ESTÁNDAR DEL LIBRO
Número Internacional Estándar del Libro 8831162098
040 ## - FUENTE DE LA CATALOGACIÓN
Centro catalogador/agencia de origen DO-SdBNP
Lengua de catalogación spa
Centro/agencia transcriptor BNPHU
082 ## - NÚMERO DE LA CLASIFICACIÓN DECIMAL DEWEY
Número de clasificación xxxx
Número de documento/Ítem xxxx
100 1# - ENTRADA PRINCIPAL--NOMBRE DE PERSONA
Nombre de persona Silvan, Matteo
9 (RLIN) 73031
245 10 - MENCIÓN DE TÍTULO
Título Aquella violencia de Dios :
Resto del título historia de mi vida /
Mención de responsabilidad, etc. Matteo Silvan ; edición Enrique Eusebio ; colaboradores Marcos Mejía Pieter y Carlos Martínez.
260 ## - PUBLICACIÓN, DISTRIBUCIÓN, ETC.
Lugar de publicación, distribución, etc. Santo Domingo :
Nombre del editor, distribuidor, etc. Ciudad Nueva,
Fecha de publicación, distribución, etc. 1994.
300 ## - DESCRIPCIÓN FÍSICA
Extensión 315 p. ;
Dimensiones 22 cm.
505 0# - NOTA DE CONTENIDO CON FORMATO
Nota de contenido con formato Oscuro sentimiento de culpa --
Título La mariapolis --
-- La otra dimensión --
-- La economía de las bienaventuranzas --
-- Vida en familia --
-- Vocaciones --
-- El publicano --
-- La prueba --
-- El túnel.
700 1# - PUNTO DE ACCESO ADICIONAL--NOMBRE DE PERSONA
Nombre de persona Eusebio, Enrique,
Término indicativo de función/relación ed.
9 (RLIN) 27213
Existencias
Estado de retiro Estado de pérdida No para préstamo Código de colección Localización permanente Ubicación/localización actual Ubicación en estantería Fecha de adquisición Número de inventario Total de préstamos Signatura topográfica completa Código de barras Fecha visto por última vez Precio válido a partir de Tipo de ítem Koha
    Excluido de préstamo Patrimonio Dominicano Patrimonio Dominicano Patrimonio Dominicano En catalogación 29.01.2015 LF1   xxxx xxxx 45027-10 25.06.2020 25.06.2020 Libro y Folleto Colección Patrimonio Dominicano

Con tecnología Koha